Jason and the Argonauts /

"The story of Jason and the Argonauts is one of the earliest recorded Greek myths. Here, master artist Robert Byrd has created a striking telling of the legend for a new generation of readers. Complete with explanatory notes and illustrated back matter, Jason and the Argonauts traces each step...

Full description

Bibliographic Details
Main Author: Byrd, Robert (Author)
Format: Book
Language:English
Published: New York, New York : Dial Books for Young Readers, Penguin Young Readers Group, an imprint of Penguin Random House LLC, [2016]
Subjects:

MARC

Tag First Indicator Second Indicator Subfields
LEADER 00000cam a2200000 i 4500
001 in00003715134
005 20170926151558.0
008 151027s2016 nyuab j 000 0 eng
010 |a  2015040910 
019 |a 953003794 
020 |a 9780803741188  |q hardcover 
020 |a 0803741189  |q hardcover 
024 8 |a 40026627756 
035 |a (OCoLC)ocn927241442 
035 |a (OCoLC)927241442 
040 |a DLC  |b eng  |e rda  |c DLC  |d OCLCO  |d OCLCF  |d BDX  |d OCLCQ  |d YDXCP  |d BTCTA  |d BKL  |d NYP  |d SRC  |d OCL  |d IMD  |d LIQ  |d GK8  |d OCL  |d IHX  |d YDX  |d OCLCO  |d UtOrBLW 
042 |a pcc 
049 |a TXAM 
050 0 0 |a BL820.A8  |b B97 2016 
082 0 0 |a 398.20938/02  |2 23 
082 0 4 |a 292.13  |2 23 
100 1 |a Byrd, Robert,  |e author.  |0 http://id.loc.gov/authorities/names/n50032946 
245 1 0 |a Jason and the Argonauts /  |c Robert Byrd. 
264 1 |a New York, New York :  |b Dial Books for Young Readers, Penguin Young Readers Group, an imprint of Penguin Random House LLC,  |c [2016] 
300 |a 44 unnumbered pages :  |b color illustrations, maps ;  |c 31 cm 
336 |a text  |b txt  |2 rdacontent 
336 |a still image  |b sti  |2 rdacontent 
336 |a cartographic image  |b cri  |2 rdacontent 
337 |a unmediated  |b n  |2 rdamedia 
338 |a volume  |b nc  |2 rdacarrier 
520 |a "The story of Jason and the Argonauts is one of the earliest recorded Greek myths. Here, master artist Robert Byrd has created a striking telling of the legend for a new generation of readers. Complete with explanatory notes and illustrated back matter, Jason and the Argonauts traces each step of our hero's journey, from the Golden Fleece's origin story and Jason's childhood to his triumphant return with the prize and eventual death. Deftly designed to accommodate glorious large pictures and captioned insets, the book is not only a great story, but a wealth of information about ancient Greece"--Publisher. 
600 0 |a Jason  |c (Mythological character)  |v Juvenile literature. 
650 0 |a Argonauts (Greek mythology)  |v Juvenile literature. 
650 7 |a Picture books.  |2 fast  |0 (OCoLC)fst01063714 
650 7 |a Argonauts (Greek mythology)  |2 fast  |0 (OCoLC)fst00814328 
650 7 |a Jason (Greek mythology)  |2 fast  |0 (OCoLC)fst00982024 
650 1 |a Jason (Greek mythology)  |v Juvenile literature. 
650 1 |a Argonauts (Greek mythology)  |v Juvenile literature. 
650 1 |a Picture books. 
655 7 |a Epic fiction.  |2 lcgft  |0 http://id.loc.gov/authorities/genreForms/gf2014026309 
655 7 |a Juvenile works.  |2 fast  |0 (OCoLC)fst01411637 
945 |b 902555 
947 |a A14850007171 
994 |a 92  |b TXA 
948 |a cataloged  |b h  |c 2017/1/18  |d c  |e jlanham  |f 10:03:53 am 
999 f f |s 4a12ee17-1166-375e-ba3d-17882a5fa65b  |i 9159e387-a94f-3d5b-8fc4-1c0e80540a20  |t 0 
952 f f |p normal  |a Texas A&M University  |b College Station  |c Sterling C. Evans Library  |d Evans: Curriculum Collection (4th floor)  |t 0  |e BL820.A8 B97 2016  |h Library of Congress classification  |i unmediated -- volume  |m A14850007171 
998 f f |a BL820.A8 B97 2016  |t 0  |l Evans: Curriculum Collection (4th floor)